| 000 | 00833cam a22002651 4500 | ||
|---|---|---|---|
| 001 | 25601 | ||
| 003 | BD-RjUL | ||
| 005 | 20211209050912.0 | ||
| 008 | 140318s1970 ko 000 0 eng | ||
| 035 | _a(BD-RjUL)25671 | ||
| 040 |
_aDLC _cDLC _dDLC _dOCoLC _dBD-RjUL _beng |
||
| 041 | 1 | _aengkor | |
| 082 |
_a951.9043 _bCHO 1970 |
||
| 100 | 1 |
_aChung Hee,Park, _d1917-1979. _977098 |
|
| 245 | 1 | 0 |
_aOur nation's path : _bideology of social reconstruction / _cby Park Chung Hee. |
| 250 | _a2d ed. | ||
| 260 |
_aSeoul : _bHollym Corp., _c1970. |
||
| 300 |
_axiv, 240 p. ; _c24 cm. |
||
| 500 | _aTranslation of Uri minjok ŭi nagal kil. | ||
| 651 | 0 |
_aKorea (South) _xPolitics and government _y1960-1988. _978686 |
|
| 942 |
_2ddc _cBK |
||
| 999 |
_c25601 _d25601 |
||